[Event "International Chess Tournament Paracin 2"]
[Site "Paracin, Serbia"]
[Date "2022.07.09"]
[Round "3.1"]
[White "Predke, Alexandr"]
[Black "Gan-Erdene, Sugar"]
[Result "1-0"]
[WhiteElo "2688"]
[BlackElo "2428"]
[PlyCount "101"]
[EventDate "2022.??.??"]

1. d4 Nf6 2. c4 g6 3. Nc3 Bg7 4. e4 d6 5. Be2 O-O 6. Be3 c5 7. d5 e6 8. Nf3
exd5 9. cxd5 Re8 10. Nd2 Na6 11. O-O Nc7 12. a4 a6 13. Bf4 Rb8 14. a5 Bf8 15.
Bf3 b5 16. axb6 Rxb6 17. Nc4 Rb4 18. b3 h6 19. h3 Nh7 20. Na2 Rb8 21. e5 Nb5
22. exd6 Nxd6 23. Nc3 Ng5 24. h4 Nxf3+ 25. Qxf3 Nxc4 26. bxc4 Rb3 27. Rae1 Rxe1
28. Rxe1 Qxh4 29. Re8 Bd7 30. Ra8 Rxc3 31. Rxf8+ Kxf8 32. Bd6+ Kg8 33. Qxc3 Qd4
34. Qxd4 cxd4 35. Kf1 Bf5 36. Ke2 f6 37. Bc7 Kf7 38. Bb6 d3+ 39. Ke3 g5 40. Ba5
h5 41. c5 h4 42. f3 Ke8 43. c6 h3 44. gxh3 Bxh3 45. d6 Bd7 46. cxd7+ Kxd7 47.
Bb4 a5 48. Ba3 Ke6 49. Kxd3 f5 50. Kd4 a4 51. Bb4 1-0

[Event "International Chess Tournament Paracin 2"]
[Site "Paracin, Serbia"]
[Date "2022.07.09"]
[Round "3.2"]
[White "Amartuvshin, Ganzorig"]
[Black "Praggnanandhaa, R."]
[Result "0-1"]
[WhiteElo "2409"]
[BlackElo "2648"]
[PlyCount "110"]
[EventDate "2022.??.??"]

1. d4 Nf6 2. c4 e6 3. Nf3 d5 4. Nc3 dxc4 5. e3 a6 6. a4 c5 7. Bxc4 Nc6 8. O-O
cxd4 9. exd4 Be7 10. Re1 O-O 11. Bg5 h6 12. Bh4 Nh5 13. Bxe7 Nxe7 14. a5 Nf6
15. Ne5 Rb8 16. Qd3 b5 17. Bb3 Rb7 18. f3 Rc7 19. Ne4 Nfd5 20. Nc5 Nf5 21. Rad1
Qd6 22. Qd2 Nxd4 23. Qxd4 Rxc5 24. Nd3 Rc7 25. Bxd5 exd5 26. b3 Bb7 27. Nb4 Rd8
28. h4 Re7 29. Nd3 Rc7 30. Nb4 Kf8 31. Rc1 Rdc8 32. Rcd1 Qc5 33. Kf2 Rd8 34.
Re2 Qxd4+ 35. Rxd4 Rc3 36. Re3 Rc1 37. Red3 Ra1 38. Rc3 Rd7 39. Nc2 Rxa5 40.
Ke2 Ke7 41. Kd2 Kd6 42. Kc1 Re7 43. Rd2 b4 44. Nxb4 Rc5 45. Kb2 a5 46. Nd3 Rb5
47. f4 f6 48. f5 Re3 49. Nf4 Re4 50. Ne6 g5 51. hxg5 hxg5 52. Nd8 d4 53. Nf7+
Kd7 54. Nh6 Bd5 55. Rg3 Re3 0-1

[Event "International Chess Tournament Paracin 2"]
[Site "Paracin, Serbia"]
[Date "2022.07.09"]
[Round "3.3"]
[White "Muthaiah, Al"]
[Black "Makarian, Rudik"]
[Result "0-1"]
[WhiteElo "2401"]
[BlackElo "2533"]
[PlyCount "96"]
[EventDate "2022.??.??"]

1. d4 Nf6 2. Bf4 c5 3. e3 Qb6 4. Nc3 d6 5. Bb5+ Nbd7 6. a4 a6 7. a5 Qc7 8. Be2
g6 9. h3 Bg7 10. Nf3 O-O 11. O-O b5 12. axb6 Nxb6 13. d5 Nh5 14. Bh2 f5 15. Nd2
Bxc3 16. bxc3 Nxd5 17. Bc4 Be6 18. e4 fxe4 19. Nxe4 Ndf4 20. Bxe6+ Nxe6 21. Qd5
Nhg7 22. Ng5 Qc8 23. g4 h6 24. Nf3 Kh7 25. Nh4 Nf4 26. Bxf4 Rxf4 27. Rfe1 Ra7
28. Qd3 Rf6 29. Re4 e5 30. Rea4 Qe6 31. Rxa6 e4 32. Qg3 Rd7 33. Ra7 g5 34. Nf5
Nxf5 35. gxf5 Qxf5 36. Qg4 Qxf2+ 37. Kh1 Rxa7 38. Rxa7+ Kh8 39. Ra8+ Kg7 40.
Ra7+ Rf7 41. Rxf7+ Qxf7 42. Qxe4 Qf1+ 43. Kh2 Qf4+ 44. Qxf4 gxf4 45. Kg2 Kf6
46. Kf3 Kf5 47. c4 Ke5 48. c3 Kf5 0-1

[Event "International Chess Tournament Paracin 2"]
[Site "Paracin, Serbia"]
[Date "2022.07.09"]
[Round "3.7"]
[White "Sharan, Rao"]
[Black "Agmanov, Zhandos"]
[Result "1-0"]
[WhiteElo "2342"]
[BlackElo "2459"]
[PlyCount "143"]
[EventDate "2022.??.??"]

1. Nf3 Nf6 2. b3 g6 3. Bb2 Bg7 4. e3 c5 5. Be2 O-O 6. O-O d5 7. d4 cxd4 8. Nxd4
Re8 9. c4 e5 10. Nf3 Nc6 11. cxd5 Nxd5 12. Na3 Bf5 13. Bc4 Nb6 14. Bb5 Qe7 15.
Bxc6 bxc6 16. Qc1 Rac8 17. Re1 c5 18. e4 Bg4 19. Qc3 Bxf3 20. Qxf3 c4 21. Nxc4
Nxc4 22. bxc4 Rxc4 23. Rec1 Rec8 24. Qb3 Qe6 25. Rxc4 Qxc4 26. Qxc4 Rxc4 27.
Rc1 Ra4 28. Rc8+ Bf8 29. Bxe5 Rxe4 30. f4 Re1+ 31. Kf2 Rd1 32. Bf6 Rd2+ 33. Kg3
Rd3+ 34. Kh4 Rd7 35. g4 h6 36. g5 hxg5+ 37. fxg5 a5 38. a4 Rb7 39. Kg4 Rb4+ 40.
Kf3 Rb3+ 41. Ke4 Rb4+ 42. Kd5 Rb1 43. Ra8 Rd1+ 44. Kc6 Rc1+ 45. Kb6 Rb1+ 46.
Kxa5 Kh7 47. Rc8 Bg7 48. Bxg7 Kxg7 49. h4 f5 50. gxf6+ Kxf6 51. Rc6+ Kg7 52.
Rb6 Rh1 53. Rb4 Kh6 54. Kb6 Rf1 55. a5 Rf6+ 56. Kc7 Rf7+ 57. Kc6 Rf6+ 58. Kd7
Rf7+ 59. Ke6 Kg7 60. Ra4 Rf6+ 61. Kd5 Rf5+ 62. Ke4 Rh5 63. Kd3 Rd5+ 64. Kc4 Rh5
65. Kb3 Rb5+ 66. Ka3 Kh6 67. a6 Rb8 68. a7 Ra8 69. Kb4 Kh5 70. Kc5 Rxa7 71.
Rxa7 Kxh4 72. Kd4 1-0

[Event "International Chess Tournament Paracin 2"]
[Site "Paracin, Serbia"]
[Date "2022.07.09"]
[Round "3.14"]
[White "Petrov, Nikita"]
[Black "Ibadov, Dashgyn"]
[Result "1/2-1/2"]
[WhiteElo "2558"]
[BlackElo "2262"]
[PlyCount "65"]
[EventDate "2022.??.??"]

1. d4 d5 2. c4 e6 3. Nf3 c6 4. g3 Nf6 5. Bg2 Be7 6. O-O O-O 7. Nc3 Nbd7 8. Nd2
b5 9. cxb5 cxb5 10. Nxb5 Qb6 11. a4 a6 12. Nc3 Qxd4 13. e4 Nc5 14. exd5 exd5
15. Nde4 Qxd1 16. Nxf6+ Bxf6 17. Rxd1 Bg4 18. f3 Be6 19. Nxd5 Bxd5 20. Rxd5 Nb3
21. Rb1 Nxc1 22. Rxc1 Bxb2 23. Rc6 a5 24. Rcc5 Rfc8 25. Rxc8+ Rxc8 26. Rxa5
Bd4+ 27. Kf1 g6 28. Rd5 Rc1+ 29. Ke2 Bg1 30. Rd1 Rxd1 31. Kxd1 Bxh2 32. g4 Bc7
33. Bf1 1/2-1/2

[Event "International Chess Tournament Paracin 2"]
[Site "Paracin, Serbia"]
[Date "2022.07.09"]
[Round "3.15"]
[White "Taspinar, Yanki"]
[Black "Santiago, Yago De Moura"]
[Result "1-0"]
[WhiteElo "2311"]
[BlackElo "2513"]
[PlyCount "39"]
[EventDate "2022.??.??"]

1. d4 Nf6 2. c4 g6 3. Nc3 d5 4. Nf3 Bg7 5. Bg5 dxc4 6. e4 c5 7. d5 b5 8. d6 Bb7
9. e5 Ne4 10. Nxe4 Bxe4 11. a4 Nc6 12. axb5 Bxf3 13. gxf3 Nxe5 14. Bxe7 Qd7 15.
Qd5 Rd8 16. Bxc4 Nxc4 17. Qxc4 Be5 18. Qe4 f6 19. Bxf6 O-O 20. Qd5+ 1-0

[Event "International Chess Tournament Paracin 2"]
[Site "Paracin, Serbia"]
[Date "2022.07.09"]
[Round "3.16"]
[White "Vishwa, Vasnawala"]
[Black "Gundavaa, Bayarsaikhan"]
[Result "1/2-1/2"]
[WhiteElo "2305"]
[BlackElo "2503"]
[PlyCount "40"]
[EventDate "2022.??.??"]

1. d4 Nf6 2. c4 c6 3. Nf3 d5 4. e3 Bf5 5. Nc3 e6 6. Nh4 Be4 7. f3 Bg6 8. Qb3
Qc7 9. Bd2 Be7 10. cxd5 cxd5 11. Nxg6 hxg6 12. O-O-O Nc6 13. Kb1 Rb8 14. g4 a6
15. h4 Nd7 16. Be1 Nb6 17. e4 Rd8 18. e5 Nc4 19. Bxc4 dxc4 20. Qxc4 b5 1/2-1/2

[Event "International Chess Tournament Paracin 2"]
[Site "Paracin, Serbia"]
[Date "2022.07.09"]
[Round "3.17"]
[White "Arjun, Kalyan"]
[Black "Milosevic, Milos"]
[Result "1-0"]
[WhiteElo "2499"]
[BlackElo "2288"]
[PlyCount "57"]
[EventDate "2022.??.??"]

1. e4 c5 2. Nf3 d6 3. Bb5+ Bd7 4. c4 Nf6 5. Nc3 g6 6. Bxd7+ Qxd7 7. d4 cxd4 8.
Qxd4 Bg7 9. Bg5 Nc6 10. Qd2 O-O 11. O-O Rfc8 12. b3 a6 13. Rad1 Qd8 14. Bxf6
Bxf6 15. Nd5 Bg7 16. Qe3 Qa5 17. b4 Qxa2 18. b5 Na5 19. Nxe7+ Kf8 20. Nxc8 Nxc4
21. Qf4 Rxc8 22. Ng5 Ne5 23. Rxd6 Ke7 24. Rd5 f6 25. Nf3 Nf7 26. Rfd1 Qe2 27.
e5 Rc2 28. exf6+ Bxf6 29. Re1 1-0

[Event "International Chess Tournament Paracin 2"]
[Site "Paracin, Serbia"]
[Date "2022.07.09"]
[Round "3.18"]
[White "Ristic, Nenad"]
[Black "Song, Raymond"]
[Result "1/2-1/2"]
[WhiteElo "2293"]
[BlackElo "2499"]
[PlyCount "25"]
[EventDate "2022.??.??"]

1. e4 c5 2. Nf3 d6 3. Bb5+ Bd7 4. Bxd7+ Nxd7 5. O-O Ngf6 6. Re1 e6 7. c3 Be7 8.
d4 O-O 9. e5 Ne8 10. exd6 Nxd6 11. d5 exd5 12. Qxd5 Nf6 13. Qb3 1/2-1/2

[Event "International Tournament"]
[Site "Pool "]
[Date "2022.07.09"]
[Round "3.21"]
[White "Savic, Miodrag R"]
[Black "Renganayaki, Venkatesh"]
[Result "1-0"]
[WhiteElo "2418"]
[BlackElo "1991"]
[PlyCount "93"]
[EventDate "2022.07.08"]

1. e4 c5 2. c3 d5 3. exd5 Qxd5 4. Nf3 Nf6 5. Na3 e6 6. Be2 Be7 7. O-O O-O 8. d4
Nc6 9. Nb5 Qd8 10. dxc5 Bxc5 11. Bf4 Nd5 12. Bg3 a6 13. Nbd4 Nxd4 14. Nxd4 Bd6
15. Bxd6 Qxd6 16. Bf3 Rd8 17. Qb3 e5 18. Rad1 Qc5 19. Nc2 Be6 20. Qxb7 f5 21.
b4 Qc4 22. Bxd5 Bxd5 23. Qb6 f4 24. Na3 Qxa2 25. Qa5 f3 26. gxf3 Qb3 27. Rd3
Rd6 28. Rfd1 Rg6+ 29. Kf1 Bc4 30. Nxc4 Qxc4 31. Qxe5 Rf6 32. Qe4 Qc8 33. Qxa8
Qxa8 34. Rd8+ Qxd8 35. Rxd8+ Kf7 36. Rd7+ Kf8 37. Ke2 Rh6 38. Ra7 Rxh2 39. Rxa6
Rh1 40. b5 Rb1 41. c4 h5 42. f4 h4 43. Ra8+ Kf7 44. Rh8 Rb4 45. Kd3 h3 46. Kc3
Ra4 47. Kb3 1-0

[Event "International Tournament"]
[Site "Pool "]
[Date "2022.07.09"]
[Round "3.22"]
[White "Loskutova, Viktoriya"]
[Black "Harshavardhan, G B."]
[Result "0-1"]
[WhiteElo "2153"]
[BlackElo "2397"]
[PlyCount "54"]
[EventDate "2022.07.08"]

1. e4 c5 2. Nf3 d6 3. d4 cxd4 4. Nxd4 Nf6 5. Nc3 Nc6 6. Bg5 e6 7. Qd2 a6 8.
O-O-O Bd7 9. f4 b5 10. Bxf6 gxf6 11. Kb1 Qb6 12. Nxc6 Bxc6 13. f5 b4 14. Ne2 e5
15. Ng3 h5 16. h4 Qc5 17. Qe2 Ke7 18. Nxh5 Bh6 19. g4 Be3 20. Rh3 Bd4 21. Qf3
Rac8 22. Rh2 a5 23. g5 a4 24. Nxf6 b3 25. a3 bxc2+ 26. Rxc2 Qxc2+ 27. Kxc2
Bxe4+ 0-1

[Event "International Tournament"]
[Site "Pool "]
[Date "2022.07.09"]
[Round "3.23"]
[White "Poupalos, Nikolaos"]
[Black "Kushagra, Mohan"]
[Result "0-1"]
[WhiteElo "2064"]
[BlackElo "2359"]
[PlyCount "84"]
[EventDate "2022.07.08"]

1. e4 c6 2. d4 d5 3. e5 Bf5 4. h4 h5 5. Bd3 Bxd3 6. Qxd3 Qa5+ 7. b4 Qa6 8. Qb3
e6 9. Nf3 Ne7 10. a4 Nf5 11. a5 Nd7 12. Nc3 b5 13. Ne2 Be7 14. Ng3 Nxg3 15.
fxg3 f6 16. Bf4 O-O 17. O-O Qc8 18. exf6 Nxf6 19. Bg5 Bd6 20. Bxf6 gxf6 21. Qd3
Qd7 22. c3 Qg7 23. Rae1 Rae8 24. Re3 e5 25. dxe5 fxe5 26. Ng5 Rxf1+ 27. Kxf1
Qf8+ 28. Rf3 e4 29. Qc2 Qg7 30. Qe2 Rf8 31. Rxf8+ Qxf8+ 32. Ke1 Bxg3+ 33. Kd1
Bxh4 34. Qxh5 Qf1+ 35. Kc2 Qxg2+ 36. Kb3 Bxg5 37. Qe8+ Kg7 38. Qd7+ Kg6 39.
Qxc6+ Bf6 40. Qxd5 Qf3 41. Qg8+ Bg7 42. Qe8+ Qf7+ 0-1

[Event "International Tournament"]
[Site "Pool "]
[Date "2022.07.09"]
[Round "3.24"]
[White "Mazi, Leon"]
[Black "Ojas, Kulkarni"]
[Result "1/2-1/2"]
[WhiteElo "2358"]
[BlackElo "2244"]
[PlyCount "48"]
[EventDate "2022.07.08"]

1. e4 e5 2. Nf3 Nc6 3. Bb5 a6 4. Bxc6 dxc6 5. O-O Bg4 6. h3 Bh5 7. g4 Bg6 8.
Nxe5 Bd6 9. Nxg6 hxg6 10. Qf3 f5 11. e5 Bc5 12. Rd1 Qh4 13. d4 O-O-O 14. c3
Qxh3 15. Qxh3 Rxh3 16. gxf5 gxf5 17. Kg2 Rh5 18. Nd2 Be7 19. Nf1 g6 20. Ng3 Rh4
21. f3 f4 22. Ne2 g5 23. Bd2 Nh6 24. Be1 Rh5 1/2-1/2

[Event "International Tournament"]
[Site "Pool "]
[Date "2022.07.09"]
[Round "3.25"]
[White "Zanan, Evgeny"]
[Black "Ozturk, Efe Hakan"]
[Result "1-0"]
[WhiteElo "2521"]
[BlackElo "2115"]
[PlyCount "109"]
[EventDate "2022.07.08"]

1. d4 Nf6 2. c4 e6 3. Nf3 d5 4. g3 Be7 5. Bg2 O-O 6. Nc3 dxc4 7. Ne5 Nc6 8.
Bxc6 bxc6 9. Nxc6 Qe8 10. Nxe7+ Qxe7 11. Qa4 c5 12. dxc5 Qxc5 13. Be3 Qc7 14.
O-O-O Bb7 15. f3 Nd5 16. Bd4 e5 17. Nxd5 Bxd5 18. Bc3 Be6 19. Rd2 Rfe8 20. Rhd1
Qc5 21. Kb1 h5 22. Ka1 Qe3 23. Qa5 f6 24. f4 exf4 25. Qxh5 Bf7 26. Qg4 fxg3 27.
hxg3 Qe4 28. Qh3 Be6 29. g4 Qxg4 30. Qh2 Qh3 31. Qf2 Qf5 32. Qe1 Bf7 33. Qg3
Qg6 34. Qh2 Qh5 35. Qf2 Re6 36. Rg1 Qh6 37. Rd4 Rae8 38. Bd2 g5 39. e3 Re4 40.
Rd6 R4e6 41. Rd7 R8e7 42. Rxe7 Rxe7 43. Bc3 Re6 44. Rf1 Kg7 45. e4 Qg6 46. a3
a6 47. Qc5 g4 48. Qf2 Qg5 49. Qg3 Bg6 50. Rf4 Bh5 51. Ka2 Qb5 52. Rf1 Qd7 53.
Qh4 Kg6 54. Rf5 Qd1 55. Rxf6+ 1-0

[Event "International Tournament"]
[Site "Pool "]
[Date "2022.07.09"]
[Round "3.26"]
[White "Makhnev, Denis"]
[Black "Ilijic, Mihajilo"]
[Result "1-0"]
[WhiteElo "2492"]
[BlackElo "2167"]
[PlyCount "49"]
[EventDate "2022.07.08"]

1. d4 Nf6 2. c4 g6 3. g3 Bg7 4. Bg2 d5 5. cxd5 Nxd5 6. e4 Nb6 7. Ne2 Nc6 8. d5
Ne5 9. Nbc3 e6 10. O-O exd5 11. exd5 O-O 12. b3 Re8 13. h3 Bf5 14. Be3 Bd3 15.
a4 Qf6 16. Ra2 Ba6 17. Nb5 Nxd5 18. Bxd5 c6 19. f4 Bxb5 20. fxe5 Qxe5 21. Bxf7+
Kh8 22. Bd4 Bxe2 23. Bxe5 Bxd1 24. Bxg7+ Kxg7 25. Bxe8 1-0

[Event "International Tournament"]
[Site "Pool "]
[Date "2022.07.09"]
[Round "3.27"]
[White "Aditya, Mittal"]
[Black "Andreev, Konstantin"]
[Result "1-0"]
[WhiteElo "2480"]
[BlackElo "2174"]
[PlyCount "77"]
[EventDate "2022.07.08"]

1. d4 Nf6 2. c4 e6 3. Nf3 d5 4. g3 Bb4+ 5. Bd2 a5 6. Bg2 O-O 7. Qc1 Be7 8. O-O
c6 9. Bf4 Nbd7 10. Rd1 a4 11. Na3 Qa5 12. c5 b6 13. b4 axb3 14. axb3 Qb4 15.
Nc2 Rxa1 16. Nxb4 Rxc1 17. Rxc1 Bb7 18. Nd3 bxc5 19. dxc5 Ne4 20. b4 Ra8 21.
Nd4 Bf6 22. Be3 Bxd4 23. Bxd4 Nd2 24. Bc3 Nc4 25. e4 Ra3 26. exd5 exd5 27. Nf4
Nde5 28. Bxe5 Nxe5 29. Re1 f6 30. b5 Rc3 31. Ne6 Bc8 32. Nd8 Rxc5 33. f4 Ng6
34. b6 Rb5 35. Nxc6 Kf8 36. Na7 Rc5 37. Bxd5 Rxd5 38. Nxc8 Rb5 39. Nd6 1-0

[Event "International Tournament"]
[Site "Pool "]
[Date "2022.07.09"]
[Round "3.28"]
[White "Pavlov, Mark"]
[Black "Kurmangaliyeva, Liya"]
[Result "1/2-1/2"]
[WhiteElo "2385"]
[BlackElo "2157"]
[Annotator "Balkanchess"]
[PlyCount "113"]
[EventDate "2022.07.08"]

1. d4 Nf6 2. Nf3 g6 3. g3 Bg7 4. Bg2 O-O 5. O-O d6 6. c4 Nbd7 7. Nc3 e5 8. e4
exd4 9. Nxd4 Re8 10. h3 Nc5 11. Re1 h6 12. Nb3 Ne6 13. f4 a6 14. Be3 Rb8 15.
Ba7 Ra8 16. Bf2 Rb8 17. Qc2 Bd7 18. Rad1 Qc8 19. Kh2 h5 20. e5 dxe5 21. fxe5
Nh7 22. Nd5 Nd8 23. Nd4 h4 24. gxh4 Nc6 25. e6 Bxe6 26. Nxe6 Rxe6 27. Bg3 Ne5
28. Nf4 Re8 29. Nd3 Qf5 30. Rf1 Qh5 31. Qf2 Re7 32. Nf4 Qh6 33. Nd5 Rd7 34. Kh1
Kh8 35. Nc3 Rxd1 36. Rxd1 c6 37. Ne4 Qh5 38. Qf1 Rf8 39. Nd6 Kg8 40. Re1 Nd7
41. Nxb7 Be5 42. Bxe5 Nxe5 43. Qe2 Qxe2 44. Rxe2 Nxc4 45. Bxc6 Rc8 46. Bf3 Nb6
47. Nd6 Rc7 48. h5 gxh5 49. Bxh5 f6 50. Bg4 Kf8 51. Kg2 Nd5 52. Rd2 Nf4+ 53.
Kf3 Ng6 54. Nf5 Ne5+ 55. Kg3 Rc6 56. Rd6 Rxd6 57. Nxd6 {Unclear} 1/2-1/2

[Event "International Tournament"]
[Site "Pool "]
[Date "2022.07.09"]
[Round "3.29"]
[White "Prokhorov, Ivan"]
[Black "Anuj, Shrivatri"]
[Result "0-1"]
[WhiteElo "2162"]
[BlackElo "2383"]
[PlyCount "72"]
[EventDate "2022.07.08"]

1. d4 Nf6 2. Nf3 g6 3. g3 Bg7 4. Bg2 c5 5. c4 cxd4 6. Nxd4 h5 7. h4 O-O 8. O-O
Nc6 9. Nc3 Ng4 10. e3 d6 11. b3 Nge5 12. Nxc6 bxc6 13. Bb2 Bg4 14. Qc2 Nf3+ 15.
Bxf3 Bxf3 16. Ne2 e5 17. Kh2 d5 18. Ng1 Be4 19. Qc3 d4 20. exd4 exd4 21. Qd2 c5
22. Nh3 Qd7 23. f4 Rfe8 24. Rae1 Bf5 25. Nf2 Qc6 26. Nd3 Bxd3 27. Qxd3 f5 28.
Bc1 Re4 29. Bd2 Rae8 30. Kg1 R8e6 31. Kf2 Kf7 32. Rg1 Re3 33. Bxe3 dxe3+ 34.
Ke2 Rd6 35. Qb1 Rd2+ 36. Kxe3 Rb2 0-1

[Event "International Tournament"]
[Site "Pool "]
[Date "2022.07.09"]
[Round "3.30"]
[White "Aaditya, Dhingra"]
[Black "Utsab, Chatterjee"]
[Result "0-1"]
[WhiteElo "2156"]
[BlackElo "2377"]
[PlyCount "154"]
[EventDate "2022.07.08"]

1. e4 c5 2. Nf3 d6 3. d4 cxd4 4. Nxd4 Nf6 5. Nc3 a6 6. Bg5 Nbd7 7. Bc4 Qb6 8.
Bb3 e6 9. Qd2 Be7 10. O-O-O Nc5 11. Rhe1 h6 12. Bh4 O-O 13. Qe2 Qc7 14. Bg3 b5
15. e5 dxe5 16. Qxe5 Qxe5 17. Rxe5 Bb7 18. f3 Rfd8 19. Ree1 Rac8 20. Kb1 Nxb3
21. Nxb3 Nd5 22. Nxd5 Bxd5 23. Bf2 g5 24. Rd2 Kg7 25. Red1 Kg6 26. Bb6 Rg8 27.
Nd4 h5 28. Ne2 Bb4 29. Rd4 Bc4 30. Nc1 Be7 31. Rd7 Bf6 32. Bd4 g4 33. fxg4 hxg4
34. Bxf6 Kxf6 35. b3 Bd5 36. Rf1+ Kg5 37. Rfxf7 Bxg2 38. Nd3 Be4 39. Rd4 Bf5
40. Rdd7 Rh8 41. Rg7+ Kh4 42. Kb2 a5 43. Rd4 Rcg8 44. Rxg8 Rxg8 45. Ne5 Kg5 46.
c4 b4 47. a3 Kf6 48. Nd7+ Kg5 49. Ne5 Rc8 50. axb4 axb4 51. Kc1 Rc5 52. Nd3 Rc7
53. Nxb4 Rh7 54. Rd2 Rb7 55. Na2 Rxb3 56. Kd1 e5 57. Nc1 Rb1 58. Ra2 e4 59. Re2
Kf4 60. Rf2+ Ke5 61. Kc2 Rb8 62. Kd2 Be6 63. c5 Rc8 64. Ne2 Rxc5 65. Ng3 Ra5
66. Re2 Bd5 67. Ke1 Ra3 68. Rb2 Bc4 69. Rb4 Kd5 70. Rb8 e3 71. Rd8+ Ke5 72.
Re8+ Kf4 73. Kd1 Bd3 74. Rf8+ Kg5 75. Rg8+ Kh6 76. Kc1 Rb3 77. Rh8+ Kg7 0-1

[Event "International Tournament"]
[Site "Pool "]
[Date "2022.07.09"]
[Round "3.31"]
[White "Sapenov, Daniyal"]
[Black "Ciric, Pavle"]
[Result "1/2-1/2"]
[WhiteElo "2362"]
[BlackElo "2155"]
[PlyCount "52"]
[EventDate "2022.07.08"]

1. d4 d5 2. c4 e6 3. Nf3 c5 4. cxd5 exd5 5. g3 Nc6 6. Bg2 Nf6 7. O-O Be7 8. Nc3
O-O 9. Bg5 c4 10. Ne5 Be6 11. Nxc6 bxc6 12. b3 Qa5 13. Qd2 Rad8 14. Na4 Qb5 15.
Qc2 c5 16. dxc5 Bxc5 17. Nxc5 Qxc5 18. Rac1 Rc8 19. Bxf6 gxf6 20. Rfd1 Rfd8 21.
e3 d4 22. exd4 Rxd4 23. Rxd4 Qxd4 24. Rd1 Qc5 25. bxc4 Qxc4 26. Qb2 Kg7 1/2-1/2

[Event "International Tournament"]
[Site "Pool "]
[Date "2022.07.09"]
[Round "3.32"]
[White "Joshua, A P."]
[Black "Jocev, Milan"]
[Result "1/2-1/2"]
[WhiteElo "2153"]
[BlackElo "2317"]
[PlyCount "43"]
[EventDate "2022.07.08"]

1. Nf3 Nf6 2. g3 g6 3. b3 Bg7 4. Bb2 O-O 5. Bg2 d5 6. O-O b6 7. c4 e6 8. d4 Bb7
9. Nbd2 Nbd7 10. Rc1 c5 11. cxd5 exd5 12. dxc5 bxc5 13. Ne1 Rc8 14. Nd3 Re8 15.
Bf3 Ba6 16. Nb1 Qa5 17. a3 Qb6 18. Bxf6 Nxf6 19. Nc3 Bxd3 20. Qxd3 Qxb3 21.
Nxd5 Qxd3 22. Nxf6+ 1/2-1/2

[Event "International Tournament"]
[Site "Pool "]
[Date "2022.07.09"]
[Round "3.33"]
[White "Yordanov, Lachezar"]
[Black "Makridis, Dimitrios"]
[Result "0-1"]
[WhiteElo "2316"]
[BlackElo "2152"]
[PlyCount "98"]
[EventDate "2022.07.08"]

1. d4 d5 2. c4 e6 3. Nc3 h6 4. Bf4 Nf6 5. e3 Bd6 6. Bxd6 Qxd6 7. c5 Qe7 8. f4
O-O 9. Bd3 b6 10. b4 a5 11. a3 Bb7 12. Rc1 axb4 13. axb4 bxc5 14. bxc5 Nc6 15.
Nf3 Nb4 16. Be2 Ne4 17. O-O Ra3 18. Qe1 Na2 19. Nxa2 Rxa2 20. Bd3 Rfa8 21. Rc2
R2a3 22. Qe2 Ba6 23. Bxa6 R8xa6 24. Nd2 Nxd2 25. Rxd2 Qf6 26. Rd3 Qf5 27. Rxa3
Rxa3 28. h3 Qe4 29. Re1 c6 30. Qf2 Rd3 31. Kh2 Rc3 32. Kg1 Rd3 33. Kh2 f6 34.
Kg1 e5 35. fxe5 fxe5 36. Kh1 exd4 37. exd4 Rxh3+ 38. Kg1 Qg6 39. Re3 Rh5 40.
Qe2 Rg5 41. Kf1 Rg4 42. Re6 Qf5+ 43. Kg1 Rxd4 44. Rxc6 Kh7 45. Qf1 Qe4 46. Kh1
Rd3 47. Kh2 Re3 48. g3 Re1 49. Rxh6+ Kxh6 0-1

[Event "International Tournament"]
[Site "Pool "]
[Date "2022.07.09"]
[Round "3.34"]
[White "Mohota, Nisha"]
[Black "Anand, Batsukh"]
[Result "1-0"]
[WhiteElo "2148"]
[BlackElo "2312"]
[PlyCount "75"]
[EventDate "2022.07.08"]

1. e4 c5 2. Nf3 e6 3. b3 a6 4. Bb2 Nc6 5. c4 Nf6 6. e5 Ng4 7. h3 Nh6 8. Nc3 Nf5
9. Bd3 Nh4 10. Nxh4 Nxe5 11. Be4 Qxh4 12. g3 Qh6 13. f4 Nc6 14. Qf3 Nd4 15. Qg2
Rb8 16. Ne2 Nxe2 17. Qxe2 Be7 18. Bg2 Qg6 19. g4 Bh4+ 20. Kd1 f6 21. Be4 Qf7
22. Qd3 Ke7 23. Rh2 g6 24. g5 Qf8 25. Bxf6+ Kf7 26. Bxh8 Qxh8 27. Rc1 Ke7 28.
Re2 b5 29. Qc3 Qf8 30. Qf3 bxc4 31. Qg4 cxb3 32. axb3 Rb4 33. Qxh4 d5 34. Qxh7+
Kd6 35. Qa7 Kc6 36. Bxg6 Rxf4 37. Be8+ Qxe8 38. Rxc5+ 1-0

[Event "International Tournament"]
[Site "Pool "]
[Date "2022.07.09"]
[Round "3.35"]
[White "Todorovic, Nenad I"]
[Black "Jain, Kashish Manoj"]
[Result "0-1"]
[WhiteElo "2302"]
[BlackElo "2147"]
[PlyCount "96"]
[EventDate "2022.07.08"]

1. e4 c5 2. Nf3 d6 3. d4 cxd4 4. Nxd4 Nf6 5. Nc3 Nc6 6. Bg5 e6 7. Qd2 a6 8.
O-O-O Bd7 9. f3 Nxd4 10. Qxd4 Be7 11. h4 Qc7 12. Kb1 b5 13. g4 O-O 14. Qd2 b4
15. Ne2 Rfc8 16. Nd4 a5 17. Be3 a4 18. g5 Ne8 19. Bd3 Bf8 20. h5 e5 21. Nf5 Be6
22. Rc1 d5 23. exd5 Bxd5 24. g6 Bxf3 25. gxf7+ Qxf7 26. Rhf1 e4 27. Bxe4 Bxe4
28. Nh6+ gxh6 29. Rxf7 Kxf7 30. Qd7+ Be7 31. Bd4 Rc6 32. Qg4 Re6 33. Rg1 Bg5
34. Re1 Nd6 35. Rf1+ Ke7 36. Bc5 Rc8 37. Bxb4 Rxc2 38. Ka1 Bf6 39. Ba3 Bd3 40.
Rg1 Rce2 41. Qb4 Kf7 42. Rc1 R2e4 43. Qa5 Nb5 44. Qd2 Nxa3 45. Qxd3 Re1 46.
Qd7+ Be7 47. Qd2 Rxc1+ 48. Qxc1 Re1 0-1

[Event "International Tournament"]
[Site "Pool "]
[Date "2022.07.09"]
[Round "3.36"]
[White "Han, Yichen"]
[Black "Nikolov, Yavor"]
[Result "1-0"]
[WhiteElo "2286"]
[BlackElo "2138"]
[PlyCount "57"]
[EventDate "2022.07.08"]

1. e4 c5 2. Nf3 g6 3. d4 cxd4 4. Nxd4 Bg7 5. c4 Nc6 6. Be3 Nf6 7. Nc3 Ng4 8.
Qxg4 Nxd4 9. Qd1 Ne6 10. Rc1 Qa5 11. Bd3 b6 12. O-O Bb7 13. f4 O-O 14. a3 Nc5
15. e5 Nxd3 16. Qxd3 d6 17. b4 Qa6 18. Nb5 Rad8 19. Rfd1 Bc6 20. exd6 Qb7 21.
Qc2 exd6 22. Bd4 d5 23. Bxg7 Kxg7 24. Qb2+ Kg8 25. Qf6 d4 26. Nd6 Qd7 27. Rxd4
Ba8 28. Rcd1 Qa4 29. R4d2 1-0

[Event "International Tournament"]
[Site "Pool "]
[Date "2022.07.09"]
[Round "3.37"]
[White "Vafiadis, Kleanthis"]
[Black "Srdanovic, Jovana"]
[Result "1/2-1/2"]
[WhiteElo "2286"]
[BlackElo "2136"]
[PlyCount "60"]
[EventDate "2022.07.08"]

1. d4 d5 2. c4 c6 3. cxd5 cxd5 4. Nc3 Nf6 5. Bf4 Nc6 6. e3 Bf5 7. Qb3 Na5 8.
Qa4+ Bd7 9. Qc2 Rc8 10. Bd3 e6 11. Nf3 Be7 12. h3 b5 13. a3 O-O 14. Ne5 h6 15.
O-O Nc4 16. Qe2 Be8 17. Rac1 a5 18. a4 bxa4 19. Nxc4 dxc4 20. Bxc4 a3 21. b3
Bc6 22. Rfd1 Qb6 23. e4 Bb4 24. f3 Rfd8 25. Be3 Qb8 26. Qf2 Be8 27. Qh4 Be7 28.
Qe1 Bb4 29. Qh4 Be7 30. Qe1 Bb4 1/2-1/2

[Event "International Tournament"]
[Site "Pool "]
[Date "2022.07.09"]
[Round "3.38"]
[White "Radisavljevic, Dalibor"]
[Black "Antova, Gabriela"]
[Result "1/2-1/2"]
[WhiteElo "2135"]
[BlackElo "2275"]
[Annotator "Balkanchess"]
[PlyCount "71"]
[EventDate "2022.07.08"]

{Unclear} 1. e4 c5 2. Nf3 d6 3. d4 cxd4 4. Nxd4 Nf6 5. Nc3 a6 6. Bg5 e6 7. f4
Be7 8. Qf3 h6 9. Bxf6 Bxf6 10. O-O-O Qb6 11. Nb3 Qc7 12. g4 Bd7 13. h4 Nc6 14.
g5 Be7 15. Bh3 b5 16. Kb1 O-O-O 17. Ne2 Kb8 18. Ned4 Rc8 19. c3 g6 20. Qg3 Rce8
21. Rhe1 hxg5 22. hxg5 Bd8 23. Nxc6+ Bxc6 24. Nd4 Bb7 25. f5 gxf5 26. exf5 e5
27. Nc2 Bxg5 28. Qxg5 Rxh3 29. Qf6 Rf3 30. Rxd6 Rxf5 31. Qxf5 Qxd6 32. Qxf7 Rd8
33. Qh5 Be4 34. Rc1 Rg8 35. Rd1 Qf6 36. Re1 1/2-1/2